Fates of TV main characters Quiz Stats

 Plays Quiz not verified by Sporcle

Score 0/12 Timer 10:00
0 Plays Today
% Correct
Magnum, PI
95.4%
How I Met Your Mother
93.4%
The Mary Tyler Moore Show
92.8%
The Fresh Prince of Bel-Air
92.8%
The Sopranos
90.1%
Mike and Molly
89.5%
Roseanne
87.5%
Seinfeld
86.8%
Perfect Strangers
82.2%
Newhart
80.3%
Dallas
72.4%
All In the Family
65.8%

You're not logged in!

Compare scores with friends on all Sporcle quizzes.
OR
Log In

Sporcle TV

Today on Sporcle TV


Watch our educational content, quiz creation guides, and fun videos on Sporcle TV.

Show Comments

Extras

Top Quizzes Today


Score Distribution

Your Account Isn't Verified!

In order to create a playlist on Sporcle, you need to verify the email address you used during registration. Go to your Sporcle Settings to finish the process.

Report this User

Report this user for behavior that violates our Community Guidelines.

Details: